Desencuentros de la modernidad en América Latina: literatura y política en el siglo XIX
Guardat en:
| Autor principal: | |
|---|---|
| Format: | Llibre |
| Idioma: | espanyol |
| Publicat: |
Santiago
Cuarto Propio
2003
|
| Edició: | 1a. ed |
| Col·lecció: | Serie Ensayo
|
| Matèries: | |
| Etiquetes: |
Afegir etiqueta
Sense etiquetes, Sigues el primer a etiquetar aquest registre!
|
MARC
| LEADER | 00000nam a2200000 a 4500 | ||
|---|---|---|---|
| 001 | UCJ1094 | ||
| 003 | CL-VaPUC | ||
| 008 | 060929e20030000CL |||||||||||||||||spa|d | ||
| 020 | |a 9562602982 | ||
| 082 | 0 | 4 | |a 860.9 |b RAM |2 21 |
| 100 | 0 | |a Ramos, Julio |e author |9 501624 | |
| 245 | 1 | 0 | |a Desencuentros de la modernidad en América Latina: literatura y política en el siglo XIX |
| 250 | |a 1a. ed | ||
| 300 | |a 326 p | ||
| 942 | |c BK | ||
| 945 | |d 20060929 00:00:00 |a cmena | ||
| 260 | |a Santiago |b Cuarto Propio |c 2003 | ||
| 650 | 0 | |a Literatura latinoamericana |9 309997 | |
| 650 | 0 | |a Crítica e interpretación literaria |9 266284 | |
| 650 | 7 | |a FILOSOFIA POLITICA |2 CL-VaPUC |9 501625 | |
| 651 | 0 | |a América Latina |9 255027 | |
| 583 | |a last modification |c 20060929 00:00:00 |k Rodrigo Vera | ||
| 490 | 0 | |a Serie Ensayo | |
| 999 | |c 317807 |d 317805 | ||
| 952 | |0 0 |1 0 |4 0 |6 860_900000000000000_RAM_2003 |7 0 |8 A |9 394773 |a BIBEDU |b BIBEDU |d 2019-11-22 |i 4239792 |o 860.9 RAM 2003 |p 4239792 |r 2019-11-22 |w 2019-11-22 |y BK |k LIT | ||
| 952 | |0 0 |1 0 |4 0 |6 860_900000000000000_RAM_2003 |7 0 |8 A |9 394774 |a FDOPOS |b FDOPOS |d 2019-11-22 |i 455289K |o 860.9 RAM 2003 |p 455289K |r 2025-01-22 |w 2019-11-22 |y BK |k DLH | ||
| 952 | |0 0 |1 0 |4 0 |6 860_900000000000000_RAM_2003 |7 0 |8 A |9 394775 |a FDOPOS |b FDOPOS |d 2019-11-22 |i 4744624 |o 860.9 RAM 2003 |p 4744624 |r 2025-01-22 |w 2019-11-22 |y BK |k DLH | ||